Cursed Country Names #1 - Statistics

General Stats
  • This quiz has been taken 10 times
  • The average score is 10 of 15
Answer Stats
Cursed Regular % Correct
Untied Stats United States
100%
Tie Land Thailand
89%
Believe Belize
78%
Camera Body Cambodia
78%
Jar Meany Germany
78%
Nipple Nepal
78%
Sir Luke Sri Lanka
78%
Button Bhutan
67%
Co-Smores Comoros
67%
The Soother Lesotho
56%
Library Liberia
56%
Make Sick Mexico
56%
Me and Mom Myanmar
56%
Love You Libya
44%
No Crimea North Korea
22%
No matching quizzes found
Score Distribution
Percent of People with Each Score
Percentile by Number Answered
Your Score History
You have not taken this quiz